| 000 | 01264cam a2200289 a 4500 | ||
|---|---|---|---|
| 001 | 000007607 | ||
| 003 | DO-SdBNP | ||
| 005 | 20231109082303.0 | ||
| 008 | 050208s2004 mx ab b i000 0 spa | ||
| 020 | _a9686384693 | ||
| 040 |
_aDO-SdBNP _bspa _cBNPHU |
||
| 082 | 4 |
_a330.98 _bS586c _222 |
|
| 100 | 1 |
_aSilva, Hérnan A. _921091 |
|
| 245 | 1 | 0 |
_aLos caminos del MERCOSUR : _bhistoria económica regional, etapa colonial / _cHérnan A. Silva. |
| 260 |
_aMéxico : _bInstituto Panamericano de Geografía e Historia, OEA, _c2004. |
||
| 300 |
_a480 p. : _bil., mapas ; _c23 cm. |
||
| 490 | 1 |
_aInstituto Panamericano de Geografía e Historia _v531 |
|
| 500 | _a"Instituto Panamericano de Geografía e Historia. Comisión de Historia"--T.p. verso. | ||
| 504 | _aIncluye referencias bibliográficas y notas al pie de las páginas. | ||
| 546 | _aSpanish and Portuguese. | ||
| 651 | 4 |
_aAmérica Del Sur _xCondiciones económicas _ySiglo XX _921092 |
|
| 651 | 4 |
_aAmérica del Sur _xCondiciones económicas _ySiglo XX _921093 |
|
| 651 | 4 |
_aAmérica del Sur _xCondiciones económicas _ySiglo XVIII _921094 |
|
| 651 | 4 |
_aAmérica del Sur _xCondiciones económicas _ySiglo XVII _921095 |
|
| 651 | 4 |
_aAmérica Del Sur _xCondiciones económicas _ySiglo XVI _921096 |
|
| 942 |
_2ddc _cLBS1 |
||
| 999 |
_c7387 _d7387 |
||